Eastern Utah Libraries Catalog: Duchesne, Heber, Roosevelt, & Vernal

Why Epossumondas has no hair on his tail (Record no. 260981)

MARC details
000 -LEADER
fixed length control field 01745nim a2200481La 4500
001 - CONTROL NUMBER
control field ocm57597642
003 - CONTROL NUMBER IDENTIFIER
control field OCoLC
005 - DATE AND TIME OF LATEST TRANSACTION
control field 20200320180634.0
006 - FIXED-LENGTH DATA ELEMENTS--ADDITIONAL MATERIAL CHARACTERISTICS--GENERAL INFORMATION
fixed length control field a b 000 1
007 - PHYSICAL DESCRIPTION FIXED FIELD--GENERAL INFORMATION
fixed length control field ss lunjlcmpnue
008 - FIXED-LENGTH DATA ELEMENTS--GENERAL INFORMATION
fixed length control field 050126s2005 mdunnn b o eng d
020 ## - INTERNATIONAL STANDARD BOOK NUMBER
Cancelled/invalid ISBN 1419319910 (kit)
020 ## - INTERNATIONAL STANDARD BOOK NUMBER
International Standard Book Number 1419319892 (sound cassette)
020 ## - INTERNATIONAL STANDARD BOOK NUMBER
Terms of availability 21.95
028 01 - PUBLISHER NUMBER
Publisher number 41985
Source Recorded Books
028 01 - PUBLISHER NUMBER
Publisher number 94934
Source Recorded Books
040 ## - CATALOGING SOURCE
Original cataloging agency RECBX
Transcribing agency RECBX
Modifying agency WACOL
049 ## - LOCAL HOLDINGS (OCLC)
Holding library WACL
050 14 - LIBRARY OF CONGRESS CALL NUMBER
Classification number PZ8.1.S2168
Item number Wh 2005d
082 04 - DEWEY DECIMAL CLASSIFICATION NUMBER
Classification number [E]
Edition number 22
092 ## - LOCALLY ASSIGNED DEWEY CALL NUMBER (OCLC)
Classification number E
Item number Sal
100 1# - MAIN ENTRY--PERSONAL NAME
Personal name Salley, Coleen.
9 (RLIN) 23046
245 10 - TITLE STATEMENT
Title Why Epossumondas has no hair on his tail
Medium [sound recording] /
Statement of responsibility, etc Colleen Salley.
260 ## - PUBLICATION, DISTRIBUTION, ETC. (IMPRINT)
Place of publication, distribution, etc Prince Frederick, Md. :
Name of publisher, distributor, etc Recorded Books,
Date of publication, distribution, etc p2005.
500 ## - GENERAL NOTE
General note In container (23 cm.).
500 ## - GENERAL NOTE
General note Title from container.
500 ## - GENERAL NOTE
General note "Unabridged Fiction"--Container.
500 ## - GENERAL NOTE
General note "The same text is on both sides. Side B has page-turn signals"--Container.
511 0# - PARTICIPANT OR PERFORMER NOTE
Participant or performer note Narrated by Cynthia Darlow.
520 ## - SUMMARY, ETC.
Summary, etc Epossumondas's mother tells him a story about how his great-great-grandfather became the first possum to have a hairless tail.
521 1# - TARGET AUDIENCE NOTE
Target audience note 3 years and up.
530 ## - ADDITIONAL PHYSICAL FORM AVAILABLE NOTE
Additional physical form available note Issued also on compact disc.
530 ## - ADDITIONAL PHYSICAL FORM AVAILABLE NOTE
Additional physical form available note Issued also as Recorded Books Unabridged Fiction on cassette.
650 #1 - SUBJECT ADDED ENTRY--TOPICAL TERM
Topical term or geographic name as entry element Opossums
Form subdivision Folklore.
9 (RLIN) 5828777
650 #1 - SUBJECT ADDED ENTRY--TOPICAL TERM
Topical term or geographic name as entry element Folklore.
9 (RLIN) 5828778
655 #0 - INDEX TERM--GENRE/FORM
Genre/form data or focus term Audiobooks.
9 (RLIN) 5828779
700 1# - ADDED ENTRY--PERSONAL NAME
Personal name Darlow, Cynthia.
Relator code nrt
9 (RLIN) 69002
938 ## -
-- Recorded Books
-- RECB
-- rbi00041985
942 ## - ADDED ENTRY ELEMENTS (KOHA)
Koha item type BOOK
948 ## - LOCAL PROCESSING INFORMATION (OCLC); SERIES PART DESIGNATOR (RLIN)
Series part designator, SPT (RLIN) 05/11/2005
b (OCLC) 01/07/2014
z (OCLC) Sirsi
994 ## -
-- 02
-- WACOL
996 ## -
-- 41728
-- 34301001270083
-- E
-- bk
-- wcl
-- i
-- 69
-- 16.00
-- Recorded Books
-- Sal
-- 05/13/2005
-- 02/03/2020
-- 01/27/2020
Holdings
Withdrawn status Lost status Source of classification or shelving scheme Damaged status Not for loan Collection code Home library Current library Shelving location Date acquired Source of acquisition Cost, normal purchase price Total Checkouts Total Renewals Full call number Barcode Date last seen Date checked out Cost, replacement price Price effective from Koha item type
    Dewey Decimal Classification     Children Picture Books Wasatch County Library Wasatch County Library Main Floor Childrens Area 05/13/2005   16.00 81 8 E Sal 34301001270083 02/12/2026 01/05/2026 16.00 03/20/2020 BOOK
This project was made possible through a grant from the Institute of Museum and Library Service administered by the Utah State Library Division.

Wasatch County Library

  • 465 East 1200 South, Heber City, Utah 84032
  • Phone 435-654-1511 | Fax 435-654-6456

Hours

  • Monday - Friday 9:30 AM - 8:00 PM
  • Saturday 9:30 AM - 1:30 PM
  • Closed Sundays and Holidays